| 000 | 00688nam a2200157Ia 4500 | ||
|---|---|---|---|
| 008 | 090123s9999 xx 000 0 und d | ||
| 082 | _b4728 | ||
| 245 | _aश्री संत चोखामेळा महाराज यांचे चरित्र व अभंगगाथा | ||
| 250 | _a0 | ||
| 260 | _c1977 | ||
| 300 | _a245 | ||
| 630 | _aश्री संत चोखामेळा महाराज यांचे चरित्र व अभंगगाथा | ||
| 700 | _aकदम स.भा. | ||
| 730 | _aश्री संत चोखामेळा महाराज यांचे चरित्र व अभंगगाथा | ||
| 942 | _cBOOK | ||
| 999 |
_c42803 _d42803 |
||